03323nam a22003857a 4500003000800000005001700008008004100025020002200066040005300088041000800141043000900149082001200158100002600170245009600196250002600292260003400318300013300352336002700485337002800512338002800540505030900568505022700877505038901104505028401493505020001777505023401977520048802211650002902699650002902728653002902757653003202786653003002818700004302848700004602891BO-EaUP20260511153929.0260511b2022 sp ad|||r|||| 00| 0 spa d a978-607-15-1708-1 aBiblioadmiempresasbspacBiblioadmiempresaseRDA aspa an-mx 221a6581 aKoontz, HaroldeAutor10aAdministración :buna perspectiva global, Emprendedora y de Innovación /cHarold Koontz aDecimosexta edición aMexico ;bMcGraw-Hill, c2021 axxix, 587 páginas ;bilustraciones a colores, gráficos ; Tapa blanda ;c21 x 27 centímetros ;fRústico ;gTamaño carta 2rdacontentatextobtxt 2rdamediaano mediadobn avolumenbnc2rdacarrier2 aParte 1. El fundamento de la teoría y la práctica de la administración.- Capítulo 1. Administración: ciencia, teoría y práctica.- Capítulo 2. Administración y sociedad: ambiente externo, responsabilidad social y ética.- Capítulo 3. Administración global, comparada y de calidad.- 2 aParte 2. Planeación.- Capítulo 4. Elementos esenciales de la planeación y la administración por objetivos.- Capítulo 5. Estrategias, políticas y premisas de la planeación.- Capítulo 6. Toma de decisiones.- 2 aParte 3. Organización.- Capítulo 7. Naturaleza de la organización, el espíritu emprendedor y la reingeniería.- Capítulo 8. Estructura de la organización: departamentalización.- Capítulo 9. Autoridad de línea, personal de staff, delegación de poder de decisión (empowerment) y descentralización.- Capítulo 10. Organización eficaz y cultura organizacional 2 aParte 4. Integración (Staffing).- Capítulo 11. Administración y selección de recursos humanos.- Capítulo 12. Evaluación del desempeño y plan de la carrera.- Capítulo 13. Administrar el cambio mediante el desarrollo de los administradores y de la organización.- 2 aParte 5. Dirección.- Capítulo 14. Factores humanos y motivación.- Capítulo 15. Liderazgo.- Capítulo 16. Comités, equipos y toma grupal de decisiones.- Capítulo 17. Comunicación.- 2 aParte 6. Control.- Capítulo 18. Sistema y proceso de control.- Capítulo 19. Técnicas de control y tecnologías de la información.- Capítulo 20. Productividad, administración de operaciones y gestión de la calidad.- aEsta decimosexta edición de Administración. Una perspectiva global, emprendedora y de innovación integra la dimensión global con las iniciativas emprendedoras y los desarrollos innovadores de la administración. Como sabemos, la perspectiva global resulta esencial en un entorno en que se diluyen las barreras nacionales y se establecen cada vez más alianzas comerciales; el espíritu emprendedor es el motor de gran parte del éxito organizacional y del capital humano. aADMINISTRACIÓN GENERAL aADMINISTRATIVA GERENCIAL10aADMINISTRACIÓN GLOBAL 10aORGANIZACIÓN EMPRESARIAL 10aINTEGRACIÓN DE PERSONAL aHeinz Weihrich ; Mark CanniceeAutores aPilar Mascaró SacristáneTraducción